[Event "4th Karpov It"]
[Site "Poikovsky RUS"]
[Date "2003.04.26"]
[Round "6"]
[White "Pelletier,Y"]
[Black "Obodchuk,A"]
[Result "1-0"]
[WhiteElo "2623"]
[BlackElo "2417"]
[EventDate "2003.04.20"]

1. c4 Nf6 2. Nc3 g6 3. e4 d6 4. d4 Bg7 5. Nf3 O-O 6. Be2 e5 7. O-O Nc6 8.
d5 Ne7 9. b4 Nh5 10. Re1 f5 11. Ng5 Nf6 12. Bf3 c6 13. Qb3 cxd5 14. exd5
Kh8 15. Bb2 b6 16. Rad1 Ne8 17. c5 bxc5 18. bxc5 e4 19. cxd6 Nxd6 20. Be2
Qb6 21. Nb5 Rb8 22. Ba3 Be5 23. Rb1 Qd8 24. Qh3 h5 25. Nxd6 Bxd6 26. Qc3+
1-0

[Event "4th Karpov It"]
[Site "Poikovsky RUS"]
[Date "2003.04.28"]
[Round "8"]
[White "Bologan,V"]
[Black "Lautier,J"]
[Result "0-1"]
[WhiteElo "2663"]
[BlackElo "2666"]
[EventDate "2003.04.20"]

1. e4 c5 2. Nf3 Nc6 3. Bb5 Nf6 4. Bxc6 dxc6 5. d3 Nd7 6. e5 Nb6 7. Nbd2 Bf5
8. O-O e6 9. b3 Be7 10. Bb2 O-O 11. Re1 a5 12. a4 Nd5 13. Ne4 Qc7 14. Nfd2
b5 15. Ng3 Bg6 16. Qg4 Nb4 17. Rec1 Rfd8 18. Nde4 Qd7 19. Qe2 Qc7 20. Qg4
Qd7 21. h4 Bf5 22. Qf4 Nd5 23. Qf3 bxa4 24. Rxa4 Nb6 25. Ra3 a4 26. Nd6
Bxd6 27. exd6 Qxd6 28. Nh5 f6 29. g4 Bg6 30. Nxg7 Nd5 31. Bxf6 Rf8 32. g5
Nxf6 33. gxf6 Qe5 34. Qxc6 Qxf6 35. Qxe6+ Kxg7 36. Qxf6+ Rxf6 37. Rxa4 Rxa4
38. bxa4 Rf4 39. Ra1 Rxh4 40. a5 Be8 41. Kg2 Ra4 42. Rxa4 Bxa4 43. a6 Kf6
44. a7 Bc6+ 45. Kg3 Kg5 46. c3 Ba8 47. Kh3 Kf4 48. Kh4 Kf3 49. Kg5 Kxf2 50.
Kf5 h5 51. d4 c4 52. Ke6 h4 53. d5 h3 54. d6 h2 55. d7 h1=Q 56. d8=Q Qe4+
57. Kf7 Qd5+ 0-1

[Event "4th Karpov It"]
[Site "Poikovsky RUS"]
[Date "2003.04.28"]
[Round "8"]
[White "Svidler,P"]
[Black "Lputian,S"]
[Result "1-0"]
[WhiteElo "2713"]
[BlackElo "2638"]
[EventDate "2003.04.20"]

1. e4 e6 2. d4 d5 3. Nc3 Bb4 4. e5 c5 5. a3 Ba5 6. b4 cxd4 7. Nb5 Bc7 8. f4
Ne7 9. Nf3 a6 10. Nxc7+ Qxc7 11. Bd3 Nd7 12. Bb2 Nb6 13. Bxd4 Bd7 14. Qe2
Na4 15. O-O Rc8 16. Rac1 Nc3 17. Qe3 Bb5 18. Bc5 Na4 19. Bxe7 Qxe7 20. f5
Bxd3 21. cxd3 Rxc1 22. Rxc1 O-O 23. f6 gxf6 24. exf6 Qxf6 25. Ne5 Qg7 26.
Rf1 Nc3 27. Rf3 d4 28. Qe1 Kh8 29. Nd7 Rd8 30. Nf6 Nd5 31. Nxh7 Ne3 32. Rg3
Qxh7 33. Rh3 Qxh3 34. gxh3 Rg8+ 35. Kf2 e5 36. Kf3 Rg6 37. Qh4+ Kg7 38. Qe7
Rf6+ 39. Ke2 Re6 40. Qxb7 Kg6 41. a4 e4 42. dxe4 Nc4 43. Qd5 Nb6 44. Qf5+
Kg7 45. a5 Na4 46. Kd3 Nc3 47. Kxd4 Nb5+ 48. Kc5 Rg6 49. h4 Re6 50. Qxe6
fxe6 51. Kb6 e5 52. Kxa6 Nd6 53. Kb6 Nxe4 54. Kc6 Nd6 55. a6 Nc8 56. Kd5
Kf6 57. h5 Na7 58. h6 Nb5 59. h7 Kg7 60. Kxe5 Kxh7 61. Kf6 Nc7 62. a7 Nd5+
63. Ke5 1-0

[Event "4th Karpov It"]
[Site "Poikovsky RUS"]
[Date "2003.04.29"]
[Round "9"]
[White "Vescovi,G"]
[Black "Bologan,V"]
[Result "1/2-1/2"]
[WhiteElo "2615"]
[BlackElo "2663"]
[EventDate "2003.04.20"]

1. d4 Nf6 2. Nf3 e6 3. c4 d5 4. Nc3 Be7 5. Bg5 h6 6. Bh4 O-O 7. e3 Ne4 8.
Bxe7 Qxe7 9. Rc1 c6 10. Bd3 Nxc3 11. Rxc3 Nd7 12. O-O dxc4 13. Bxc4 b6 14.
Bd3 c5 15. Be4 Rb8 16. Qc2 Ba6 1/2-1/2